| 000 | 00751aam a2200289 i 4500 | ||
|---|---|---|---|
| 001 | 768714001 | ||
| 003 | CO-MdFUSB | ||
| 005 | 20250507122851.0 | ||
| 007 | ta | ||
| 008 | 250507t1983 bl |||| |||| 00| 0 por d | ||
| 040 | _cCO-MdFUSB | ||
| 041 | 0 | _apor | |
| 082 | 0 | 4 |
_223 _a241.6 _bC376b |
| 100 | 1 |
_aCavalcanti, Robinson _eautor |
|
| 245 | 1 | 0 |
_aUma bêncâo chamada sexo _c/ Robinson Cavalcanti |
| 250 | _aquinta edición | ||
| 264 | 1 |
_bABU, _aSâo Paulo, Brasil : _c[1983] |
|
| 264 | 4 | _c©1983 | |
| 300 | _a156 páginas | ||
| 336 |
_atexto _btxt _2rdacontent |
||
| 337 |
_2rdamedia _asin mediación _bn |
||
| 338 |
_2rdacarrier _avolumen _bnc |
||
| 563 | _aRústico | ||
| 650 | 7 |
_aÉtica cristiana _9185 |
|
| 942 | _cBK | ||
| 945 | _aJTF-925 | ||
| 999 |
_c35401 _d35401 |
||